00829nam a2200181 a 450000100100000000500170001000800410002704000250006808200200009310000300011324500620014326000860020530000460029165100550033765001040039265001040049665000470060000003341520210609200712.0090703s1961 dr a 000 0 spa d aDO-SdBNPbspacBNPHU a972.9356bB928s1 aBueno, Arturo,d1888-197910aSantiago :bquien te vió y quien te ve /cArturo Bueno. aSantiago de los Caballeros, República Dominicana :bImpresora Comercial,c1961. a1 v. (en varias páginaciones) ;c23 cm. 0aSantiago de los Caballeros (Republica Dominicana) 0aSantiago de los Caballeros (República Dominicana)xHistoriaxAnecdotas, chistes, satiras, etc.  0aSantiago de los Caballeros (República Dominicana)xHistoriaxAnecdotas, chistes, satiras, etc.  4aCiudades y puebloszRepública Dominicana